[Event "Gothenburg op"]
[Site "Gothenburg"]
[Date "2023.08.12"]
[Round "6"]
[White "Kosmidis, Thomas"]
[Black "Johansson, Jan1111"]
[Result "1-0"]
[WhiteElo "1721"]
[BlackElo "1694"]
[PlyCount "81"]
[EventDate "2023.08.11"]
[EventType "swiss"]
[EventRounds "8"]
[EventCountry "SWE"]
[SourceTitle "CBM 215 Extra"]
[Source "ChessBase"]
[SourceDate "2023.09.30"]
[SourceVersion "1"]
[SourceVersionDate "2023.09.30"]
[SourceQuality "1"]

1. d4 Nf6 2. c4 e6 3. Nc3 Bb4 4. Qc2 d5 5. cxd5 exd5 6. Bg5 h6 7. Bh4 0-0 8. e3 Nbd7 9. Nf3 Re8 10. Be2 c6 11. 0-0 g5 12. Bg3 Nh5 13. a3 Nxg3 14. hxg3 Bd6 15. b4 Nf6 16. Nd2 Qe7 17. Nd1 a5 18. b5 Bxa3 19. bxc6 bxc6 20. Bd3 Ba6 21. Bxa6 Rxa6 22. Qd3 Bb4 23. Qxa6 Bxd2 24. Qxc6 Rd8 25. Qc2 Bb4 26. Nb2 Ne4 27. Qd3 g4 28. Na4 h5 29. Rfc1 h4 30. Nc5 Bxc5 31. dxc5 hxg3 32. fxg3 Nxg3 33. c6 Qh4 34. c7 Rc8 35. Rab1 Qh1+ 36. Kf2 Qh4 37. Rb8 Ne4+ 38. Ke2 Qf2+ 39. Kd1 Qf5 40. Rxc8+ Qxc8 41. Qxd5 1-0

[Event "Gothenburg op"]
[Site "Gothenburg"]
[Date "2022.08.14"]
[Round "7"]
[White "Ghaderi, Noan"]
[Black "Kosmidis, Thomas"]
[Result "0-1"]
[WhiteElo "1367"]
[BlackElo "1673"]
[PlyCount "72"]
[EventDate "2022.08.12"]
[EventType "swiss"]
[EventRounds "8"]
[EventCountry "SWE"]
[SourceTitle "CBM 209 Extra"]
[Source "ChessBase"]
[SourceDate "2022.09.30"]
[SourceVersion "1"]
[SourceVersionDate "2022.09.30"]
[SourceQuality "1"]

1. d4 Nf6 2. c4 e6 3. Bg5 d5 4. e3 Nbd7 5. Nf3 c6 6. Bd3 Bb4+ 7. Nbd2 dxc4 8. Bxc4 0-0 9. 0-0 b6 10. Ne4 Be7 11. Nxf6+ Bxf6 12. Bxf6 Qxf6 13. Qc2 Bb7 14. Bd3 h6 15. Nd2 Qe7 16. Be4 Nf6 17. Bf3 Rac8 18. Rac1 c5 19. Bxb7 Qxb7 20. dxc5 Rxc5 21. Qa4 Rg5 22. f3 Nd5 23. Kf2 b5 24. Qb3 a5 25. Rc5 Rb8 26. Ne4 a4 27. Qa3 Rg6 28. b4 axb3 29. Qxb3 Qa7 30. Rfc1 Ra8 31. Rc8+ Rxc8 32. Rxc8+ Kh7 33. h4 Nxe3 34. Rc5 f5 35. h5 Rxg2+ 36. Kxe3 fxe4 0-1

[Event "Gothenburg op"]
[Site "Gothenburg"]
[Date "2022.08.12"]
[Round "3"]
[White "Andreasson, Henrik"]
[Black "Kosmidis, Thomas"]
[Result "1/2-1/2"]
[WhiteElo "1126"]
[BlackElo "1673"]
[PlyCount "143"]
[EventDate "2022.08.12"]
[EventType "swiss"]
[EventRounds "8"]
[EventCountry "SWE"]
[SourceTitle "CBM 209 Extra"]
[Source "ChessBase"]
[SourceDate "2022.09.30"]
[SourceVersion "1"]
[SourceVersionDate "2022.09.30"]
[SourceQuality "1"]

1. d4 c6 2. Nf3 d5 3. e3 Nf6 4. Be2 Bg4 5. Nbd2 e6 6. b3 Nbd7 7. a4 Bd6 8. Ba3 Bxa3 9. Rxa3 c5 10. Bb5 0-0 11. Be2 Rc8 12. Ra1 cxd4 13. Nxd4 Bxe2 14. Nxe2 Nc5 15. Rc1 Nce4 16. 0-0 Qb6 17. Nd4 Nc3 18. Qf3 e5 19. Nf5 e4 20. Qh3 Ne2+ 21. Kh1 Nxc1 22. Ne7+ Kh8 23. Nxc8 Qc5 24. Rxc1 Rxc8 25. b4 Qc3 26. Nb3 Rd8 27. b5 Qb4 28. Ra1 h6 29. g3 Nh7 30. Nd4 Ng5 31. Qg4 Qc3 32. Rf1 Qc4 33. Ra1 Qc3 34. Rf1 Nf3 35. Rd1 Nxd4 36. Rxd4 Qxc2 37. Qf4 Kg8 38. Kg2 Qc5 39. Qe5 Qd6 40. Qxd6 Rxd6 41. Kh3 f5 42. g4 g6 43. gxf5 gxf5 44. Kg3 Kg7 45. Kf4 Kf6 46. h4 Ke6 47. Rd1 a6 48. Rg1 Kf6 49. h5 Kf7 50. Kxf5 axb5 51. axb5 Rb6 52. Rb1 Rf6+ 53. Ke5 Rxf2 54. Kxd5 Rf5+ 55. Kxe4 Rxh5 56. Rc1 Rxb5 57. Rc7+ Kf6 58. Kf4 Rb4+ 59. e4 b5 60. Rc6+ Kg7 61. Kf5 h5 62. Rg6+ Kh7 63. Rg5 Kh6 64. Rg6+ Kh7 65. Rg5 Rb1 66. Rxh5+ Kg7 67. Rg5+ Kf7 68. Ke5 b4 69. Kd4 Kf6 70. Rb5 b3 71. Kc3 b2 72. Rxb2 1/2-1/2